<?xml version="1.0" encoding="UTF-8"?>
<record
    xmlns:xsi="http://www.w3.org/2001/XMLSchema-instance"
    xsi:schemaLocation="http://www.loc.gov/MARC21/slim http://www.loc.gov/standards/marcxml/schema/MARC21slim.xsd"
    xmlns="http://www.loc.gov/MARC21/slim">

  <leader>01737nam a2200421 a 4500</leader>
  <controlfield tag="001">000038090</controlfield>
  <controlfield tag="003">000038090</controlfield>
  <controlfield tag="005">20171010125503.0</controlfield>
  <controlfield tag="008">130313s2008    dr a          001 0dspa d</controlfield>
  <datafield tag="020" ind1=" " ind2=" ">
    <subfield code="z">9789945061914</subfield>
  </datafield>
  <datafield tag="040" ind1=" " ind2=" ">
    <subfield code="a">BPMSU</subfield>
    <subfield code="b">spa</subfield>
    <subfield code="c">BPMSU</subfield>
  </datafield>
  <datafield tag="049" ind1=" " ind2=" ">
    <subfield code="a">BNPD</subfield>
  </datafield>
  <datafield tag="082" ind1=" " ind2="4">
    <subfield code="a">972.93</subfield>
    <subfield code="b">B622b, 2008</subfield>
  </datafield>
  <datafield tag="100" ind1="1" ind2=" ">
    <subfield code="a">Bison&#xF3; Haza, V&#xED;ctor Orlando,</subfield>
    <subfield code="d">1963-</subfield>
    <subfield code="q"> </subfield>
  </datafield>
  <datafield tag="245" ind1="1" ind2="4">
    <subfield code="a">Las bases de la naci&#xF3;n fuente de virtudes ciudadanas /</subfield>
    <subfield code="c">V&#xED;ctor Orlando Bison&#xF3; Haza, Ito Bison&#xF3;</subfield>
  </datafield>
  <datafield tag="250" ind1=" " ind2=" ">
    <subfield code="a">3&#xAA; ed.</subfield>
  </datafield>
  <datafield tag="260" ind1=" " ind2=" ">
    <subfield code="a">Santo Domingo :</subfield>
    <subfield code="b">Seguros Pep&#xED;n ,</subfield>
    <subfield code="c">2008.</subfield>
  </datafield>
  <datafield tag="300" ind1=" " ind2=" ">
    <subfield code="a">182 p. :</subfield>
    <subfield code="b">il., </subfield>
    <subfield code="c">21 cm.</subfield>
  </datafield>
  <datafield tag="505" ind1="0" ind2=" ">
    <subfield code="g">Pr&#xF3;logo /</subfield>
    <subfield code="r">Juan Sully Bonelly --</subfield>
    <subfield code="t">S&#xED;mbolos patrios --</subfield>
    <subfield code="t">Los padres de la patria --</subfield>
    <subfield code="t">La Constituci&#xF3;n --</subfield>
    <subfield code="t">Los restauradores --</subfield>
    <subfield code="t">Idearios --</subfield>
    <subfield code="t">M&#xE1;s muestras de patriotismo --</subfield>
    <subfield code="t">Conclusiones --</subfield>
    <subfield code="g">Anexos --</subfield>
    <subfield code="g">Bibliograf&#xED;a.</subfield>
  </datafield>
  <datafield tag="650" ind1=" " ind2="4">
    <subfield code="a">IDENTIDAD NACIONAL</subfield>
    <subfield code="z">REP&#xDA;BLICA DOMINICANA</subfield>
  </datafield>
  <datafield tag="650" ind1=" " ind2="4">
    <subfield code="a">NACIONALISMO Y CULTURA</subfield>
  </datafield>
  <datafield tag="651" ind1=" " ind2="4">
    <subfield code="a">REP&#xDA;BLICA DOMINICANA</subfield>
    <subfield code="x">CARACTER&#xCD;STICAS NACIONALES</subfield>
  </datafield>
  <datafield tag="651" ind1=" " ind2="4">
    <subfield code="a">REP&#xDA;BLICA DOMINICANA</subfield>
    <subfield code="x">HISTORIA</subfield>
  </datafield>
  <datafield tag="700" ind1=" " ind2=" ">
    <subfield code="4">Bisono, Ito</subfield>
  </datafield>
  <datafield tag="910" ind1=" " ind2=" ">
    <subfield code="a">Validado. Control de calidad EMS</subfield>
  </datafield>
  <datafield tag="930" ind1=" " ind2="1">
    <subfield code="l">BND01</subfield>
    <subfield code="m">LF1</subfield>
    <subfield code="8">20130313</subfield>
    <subfield code="f">04</subfield>
    <subfield code="p">HD</subfield>
    <subfield code="g">35590</subfield>
    <subfield code="h">e. 3</subfield>
  </datafield>
  <datafield tag="930" ind1=" " ind2="1">
    <subfield code="l">BND01</subfield>
    <subfield code="m">LF1</subfield>
    <subfield code="8">20130313</subfield>
    <subfield code="f">04</subfield>
    <subfield code="p">MI</subfield>
    <subfield code="g">35590</subfield>
    <subfield code="h">e. 4</subfield>
  </datafield>
  <datafield tag="930" ind1=" " ind2="1">
    <subfield code="l">BND01</subfield>
    <subfield code="m">LF1</subfield>
    <subfield code="8">20130313</subfield>
    <subfield code="f">04</subfield>
    <subfield code="p">MI</subfield>
    <subfield code="g">35590</subfield>
    <subfield code="h">e. 5</subfield>
  </datafield>
  <datafield tag="930" ind1=" " ind2="1">
    <subfield code="l">BND01</subfield>
    <subfield code="m">LF1</subfield>
    <subfield code="h">972.93</subfield>
    <subfield code="8">20130313</subfield>
    <subfield code="f">01</subfield>
    <subfield code="p">HD</subfield>
    <subfield code="g">35590</subfield>
  </datafield>
  <datafield tag="930" ind1=" " ind2="1">
    <subfield code="l">BND01</subfield>
    <subfield code="m">LF1</subfield>
    <subfield code="h">972.93</subfield>
    <subfield code="8">20130313</subfield>
    <subfield code="f">01</subfield>
    <subfield code="p">HD</subfield>
    <subfield code="g">35590</subfield>
    <subfield code="h">e. 2</subfield>
  </datafield>
  <datafield tag="942" ind1=" " ind2=" ">
    <subfield code="2">ddc</subfield>
    <subfield code="c">CF</subfield>
  </datafield>
  <datafield tag="945" ind1=" " ind2=" ">
    <subfield code="a">Inventariado, 2017/MFF</subfield>
  </datafield>
  <datafield tag="952" ind1=" " ind2=" ">
    <subfield code="0">0</subfield>
    <subfield code="1">0</subfield>
    <subfield code="2">ddc</subfield>
    <subfield code="4">0</subfield>
    <subfield code="7">0</subfield>
    <subfield code="8">CD</subfield>
    <subfield code="a">BPMET</subfield>
    <subfield code="b">BPMET</subfield>
    <subfield code="d">2014-07-09</subfield>
    <subfield code="l">0</subfield>
    <subfield code="o">RD972.93    B622b  2008</subfield>
    <subfield code="p">BPMSU15040512</subfield>
    <subfield code="r">2014-07-09</subfield>
    <subfield code="w">2014-07-09</subfield>
    <subfield code="y">BK</subfield>
  </datafield>
  <datafield tag="956" ind1=" " ind2=" ">
    <subfield code="a">DGARCIA</subfield>
    <subfield code="b">10</subfield>
    <subfield code="c">20130313</subfield>
    <subfield code="l">BND01</subfield>
    <subfield code="h">1027</subfield>
  </datafield>
  <datafield tag="956" ind1=" " ind2=" ">
    <subfield code="a">DGARCIA</subfield>
    <subfield code="b">10</subfield>
    <subfield code="c">20130313</subfield>
    <subfield code="l">BND01</subfield>
    <subfield code="h">1027</subfield>
  </datafield>
  <datafield tag="956" ind1=" " ind2=" ">
    <subfield code="a">KLANTIGUA</subfield>
    <subfield code="b">10</subfield>
    <subfield code="c">20130314</subfield>
    <subfield code="l">BND01</subfield>
    <subfield code="h">1358</subfield>
  </datafield>
  <datafield tag="956" ind1=" " ind2=" ">
    <subfield code="a">EMARRERO</subfield>
    <subfield code="b">40</subfield>
    <subfield code="c">20130818</subfield>
    <subfield code="l">BND01</subfield>
    <subfield code="h">2311</subfield>
  </datafield>
  <datafield tag="956" ind1=" " ind2=" ">
    <subfield code="a">EMARRERO</subfield>
    <subfield code="b">40</subfield>
    <subfield code="c">20130818</subfield>
    <subfield code="l">BND01</subfield>
    <subfield code="h">2315</subfield>
  </datafield>
  <datafield tag="999" ind1=" " ind2=" ">
    <subfield code="c">7121</subfield>
    <subfield code="d">7121</subfield>
  </datafield>
</record>
